| 000 | 00514nam a22002057a 4500 | ||
|---|---|---|---|
| 003 | koha_MIRAKIL | ||
| 005 | 20231213100049.0 | ||
| 008 | 231213b |||||||| |||| 00| 0 ||| d | ||
| 020 | _b0-329-13057-9 | ||
| 040 |
_aTR-IsEVY _btur _cTR-IsEVY |
||
| 082 | _a420 HUT/T | ||
| 100 | _aHutchins, Pat, 1942- | ||
| 245 | 4 | _aThe wind blew | |
| 250 | _a1st Aladdin Paperbacks ed. | ||
| 260 |
_bAladdin Paperbacks, _c1993 |
||
| 300 | _a[32] p. | ||
| 650 | _aStories in rhyme. | ||
| 650 | _aWinds | ||
| 942 |
_2ddc _cBK |
||
| 999 |
_c13936 _d13936 |
||